[Event "TIPC 2007"]
[Site "Charleroi"]
[Date "2007.07.27"]
[Round "1.1"]
[White "Gharamian, Tigran"]
[Black "Laurent, Bruno"]
[Result "1/2-1/2"]
[WhiteElo "2517"]
[BlackElo "2376"]
[PlyCount "105"]

1. e4 e6 2. d4 d5 3. Nc3 Bb4 4. e5 c5 5. Bd2 Nh6 6. a3 Bxc3 7. Bxc3 Nc6 8. dxc5
d4 9. Bd2 Qd5 10. Bxh6 gxh6 11. Nf3 Qxc5 12. Qd2 Nxe5 13. Nxd4 Bd7 14. Qb4 Rc8
15. Be2 Rg8 16. Qxc5 Rxc5 17. g3 Ke7 18. c3 Rd8 19. O-O-O Ba4 20. Rd2 Rcd5 21.
Re1 Kf6 22. b3 Be8 23. Red1 Nc6 24. Nf3 Rxd2 25. Rxd2 Rxd2 26. Kxd2 Ke7 27. b4
f6 28. Ke3 e5 29. Nd2 Nd8 30. f4 Bg6 31. Bf3 b6 32. Nc4 Bf7 33. Nd2 Bg6 34.
fxe5 fxe5 35. Nc4 Ke6 36. a4 Nf7 37. h4 Nd6 38. Nxd6 Kxd6 39. g4 a5 40. Be4 Be8
41. b5 Bf7 42. Bxh7 Bb3 43. Kd2 Bxa4 44. c4 Bb3 45. Kc3 Bd1 46. g5 hxg5 47.
hxg5 Bf3 48. Bg8 Bh5 49. Bh7 Bf3 50. Kd3 Bg4 51. Be4 Be6 52. Kc3 Kc5 53. Bd3
1/2-1/2

[Event "TIPC 2007"]
[Site "Charleroi"]
[Date "2007.07.27"]
[Round "1.3"]
[White "Michiels, Bart"]
[Black "Van der Stricht, Geert"]
[Result "0-1"]
[WhiteElo "2454"]
[BlackElo "2430"]
[PlyCount "66"]

1. e4 c5 2. Nf3 d6 3. d4 cxd4 4. Nxd4 Nf6 5. Nc3 a6 6. Bc4 e6 7. O-O b5 8. Bb3
b4 9. Na4 Bd7 10. f3 Nc6 11. Nxc6 Bxc6 12. Be3 Rb8 13. Rf2 Be7 14. Rd2 O-O 15.
a3 Bxa4 16. Bxa4 bxa3 17. Rxa3 d5 18. Ra2 Qc7 19. exd5 Nxd5 20. Bd4 Bg5 21. Re2
Rfd8 22. c3 Be3+ 23. Bxe3 Nxe3 24. Qc1 Nd5 25. Bc2 Qc4 26. b3 Qxc3 27. Rxa6
Rxb3 28. Qa1 Qc5+ 29. Kh1 Rc3 30. Ra8 Rc8 31. Qa4 g6 32. Rxc8+ Qxc8 33. Qe4 Rc4
0-1

[Event "TIPC 2007"]
[Site "Charleroi"]
[Date "2007.07.27"]
[Round "1.4"]
[White "Terrieux, Kevin"]
[Black "Rausis, Igors"]
[Result "0-1"]
[WhiteElo "2335"]
[BlackElo "2524"]
[PlyCount "76"]

1. d4 d5 2. c4 dxc4 3. e3 c5 4. Bxc4 cxd4 5. exd4 Qc7 6. Bb3 Bg4 7. f3 Bf5 8.
Nc3 Nf6 9. Nge2 e6 10. Bf4 Qa5 11. O-O Nc6 12. Qe1 Be7 13. g4 Bd3 14. Rd1 Bxe2
15. Qxe2 Rd8 16. Nb5 Rd7 17. d5 Nxd5 18. Bxd5 exd5 19. Nd6+ Kf8 20. Nf5 h5 21.
Kh1 hxg4 22. fxg4 d4 23. Rfe1 g6 24. Nxd4 Rxd4 25. Rxd4 Bh4 26. Rf1 Nxd4 27.
Bd6+ Kg7 28. Qe5+ Qxe5 29. Bxe5+ f6 30. Bxd4 a6 31. Kg2 Rd8 32. Bc3 Rd5 33. Rf3
Bg5 34. Kf1 Kf7 35. Ke2 Ke6 36. Rd3 Rxd3 37. Kxd3 f5 38. gxf5+ Kxf5 {time} 0-1

[Event "TIPC 2007"]
[Site "Charleroi"]
[Date "2007.07.27"]
[Round "1.5"]
[White "Vandevoort, Pascal"]
[Black "Kveinys, Aloyzas"]
[Result "0-1"]
[WhiteElo "2364"]
[BlackElo "2537"]
[PlyCount "84"]

1. e4 c5 2. Nf3 e6 3. d4 cxd4 4. Nxd4 a6 5. c4 Nf6 6. Nc3 Bb4 7. Bd3 Nc6 8.
Nxc6 dxc6 9. e5 Qa5 10. exf6 Bxc3+ 11. bxc3 Qxc3+ 12. Bd2 Qxd3 13. fxg7 Rg8 14.
Bh6 Qc3+ 15. Kf1 Qf6 16. Qc1 e5 17. Rb1 Be6 18. Rxb7 O-O-O 19. Ra7 Qh4 20. Ra8+
Kc7 21. Rxd8 Rxd8 22. h3 Qxc4+ 23. Qxc4 Bxc4+ 24. Ke1 f5 25. g4 Bd5 26. f3 Bxf3
27. Rf1 Rd1+ 28. Kf2 Rxf1+ 29. Kxf1 Bd5 30. gxf5 Bxa2 31. Ke2 Kd6 32. Kd3 Bg8
33. Bd2 Kd5 34. Bc3 c5 35. Ke3 e4 36. Kf4 Kc4 37. Bf6 Kd3 38. Ke5 c4 39. Kd6 e3
40. Ke7 e2 41. Bh4 c3 42. f6 c2 0-1

[Event "TIPC 2007"]
[Site "Charleroi"]
[Date "2007.07.28"]
[Round "2.1"]
[White "Laurent, Bruno"]
[Black "Kveinys, Aloyzas"]
[Result "1/2-1/2"]
[WhiteElo "2376"]
[BlackElo "2537"]
[PlyCount "31"]

1. e4 c5 2. Nf3 e6 3. c3 Nf6 4. e5 Nd5 5. d4 cxd4 6. cxd4 d6 7. Bc4 Nc6 8. O-O
Be7 9. Qe2 O-O 10. Rd1 Na5 11. b3 Nxc4 12. bxc4 Nb4 13. Nc3 dxe5 14. dxe5 Bd7
15. Ne4 Qc7 16. Bg5 1/2-1/2

[Event "TIPC 2007"]
[Site "Charleroi"]
[Date "2007.07.28"]
[Round "2.2"]
[White "Rausis, Igors"]
[Black "Vandevoort, Pascal"]
[Result "1/2-1/2"]
[WhiteElo "2524"]
[BlackElo "2364"]
[PlyCount "82"]

1. e4 e5 2. Nf3 Nc6 3. Bb5 a6 4. Bxc6 dxc6 5. O-O Ne7 6. Nc3 Ng6 7. d4 Bg4 8.
dxe5 Qxd1 9. Rxd1 Bxf3 10. gxf3 Nxe5 11. f4 Nd7 12. Kg2 O-O-O 13. Be3 Be7 14.
Ne2 Rhe8 15. Kf3 g6 16. Rd2 f6 17. Rad1 Bd6 18. Ng3 Re7 19. Bd4 Rde8 20. Re2
Re6 21. h4 b5 22. b3 c5 23. Bb2 c4 24. bxc4 Be7 25. cxb5 axb5 26. Rd5 c5 27. h5
Ra6 28. a3 Nb6 29. Rd1 Na4 30. Ba1 Nb6 31. Bb2 Na4 32. Ba1 Nb6 33. hxg6 hxg6
34. Bb2 Na4 35. Ba1 Nb6 36. f5 Rxa3+ 37. Kg2 Nc4 38. e5 fxe5 39. Bxe5 Bf8 40.
Rde1 gxf5 41. Nxf5 Rxe5 1/2-1/2

[Event "TIPC 2007"]
[Site "Charleroi"]
[Date "2007.07.28"]
[Round "2.3"]
[White "Van der Stricht, Geert"]
[Black "Terrieux, Kevin"]
[Result "1/2-1/2"]
[WhiteElo "2430"]
[BlackElo "2335"]
[PlyCount "49"]

1. d4 Nf6 2. c4 e6 3. g3 Bb4+ 4. Bd2 Qe7 5. Bg2 O-O 6. Nf3 Bxd2+ 7. Qxd2 d6 8.
Nc3 e5 9. O-O Bg4 10. Rfe1 Nbd7 11. h3 Bxf3 12. exf3 Qd8 13. f4 exd4 14. Qxd4
Qc8 15. g4 Nb6 16. c5 dxc5 17. Qxc5 c6 18. Re7 Qb8 19. f5 Nc8 20. Re2 Qd6 21.
Qe3 Nb6 22. Rd1 Qb8 23. Rd4 Re8 24. Qd2 Qc7 25. b3 1/2-1/2

[Event "TIPC 2007"]
[Site "Charleroi"]
[Date "2007.07.28"]
[Round "2.5"]
[White "Gharamian, Tigran"]
[Black "Eliet, Nicolas"]
[Result "1-0"]
[WhiteElo "2517"]
[BlackElo "2454"]
[PlyCount "77"]

1. e4 d6 2. d4 Nf6 3. Nc3 e5 4. dxe5 dxe5 5. Qxd8+ Kxd8 6. Bg5 Be6 7. O-O-O+
Nbd7 8. f4 exf4 9. Nf3 h6 10. Bxf4 c6 11. Nd4 Bb4 12. e5 Ng4 13. Nxe6+ fxe6 14.
Ne4 Ke7 15. Be2 Ngxe5 16. c3 Ba5 17. Nc5 Nxc5 18. Bxe5 Ne4 19. Rhe1 Nf6 20. Bc4
Rhe8 21. Bxf6+ Kxf6 22. Rd7 b5 23. Rf1+ Ke5 24. Bb3 Bb6 25. Rxg7 Be3+ 26. Kb1
Bg5 27. Re1+ Kd6 28. Rg6 Kc7 29. g3 Rad8 30. h4 Bd2 31. Re2 Rd6 32. Kc2 Red8
33. Rgxe6 Rd3 34. a4 h5 35. axb5 cxb5 36. R6e5 Kb6 37. Rxh5 Be3 38. Kb1 Bc5 39.
Ree5 1-0

[Event "TIPC 2007"]
[Site "Charleroi"]
[Date "2007.07.29"]
[Round "3.1"]
[White "Eliet, Nicolas"]
[Black "Laurent, Bruno"]
[Result "1-0"]
[WhiteElo "2454"]
[BlackElo "2376"]
[PlyCount "63"]

1. c4 e5 2. g3 Nf6 3. Bg2 c6 4. d4 exd4 5. Qxd4 d5 6. cxd5 cxd5 7. Nf3 Nc6 8.
Qa4 Bc5 9. O-O O-O 10. Bg5 h6 11. Bxf6 Qxf6 12. Nc3 Be6 13. Ne1 Rfd8 14. Nd3
Bb6 15. Rac1 Rd7 16. Qa3 Ne5 17. Na4 Rdd8 18. Nxe5 Qxe5 19. Qd3 Bf5 20. Qd2 Bc7
21. Nc5 Rab8 22. b4 a5 23. bxa5 Be4 24. Rfd1 Bd6 25. e3 Qe7 26. Qd4 Be5 27. Qb4
Bd6 28. Qb5 Rdc8 29. Bxe4 Bxc5 30. Bxd5 h5 31. Rc4 h4 32. Rxh4 1-0

[Event "TIPC 2007"]
[Site "Charleroi"]
[Date "2007.07.29"]
[Round "3.2"]
[White "Michiels, Bart"]
[Black "Gharamian, Tigran"]
[Result "1/2-1/2"]
[WhiteElo "2454"]
[BlackElo "2517"]
[PlyCount "120"]

1. e4 c5 2. Nf3 d6 3. d4 cxd4 4. Nxd4 Nf6 5. Nc3 a6 6. Bc4 e6 7. O-O Be7 8. Bb3
O-O 9. a4 b6 10. Be3 Bb7 11. Bxe6 fxe6 12. Nxe6 Qc8 13. Nxf8 Bxf8 14. f3 Nbd7
15. Qd2 Qc7 16. Rad1 Ne5 17. b3 Rc8 18. Bd4 Ned7 19. Rfe1 Be7 20. Re2 h6 21.
Na2 Ne5 22. Bb2 Kh8 23. Ba3 Rd8 24. Qc3 Qb8 25. Qe3 b5 26. axb5 axb5 27. Nb4
Bxe4 28. fxe4 Nfg4 29. Qc1 Qa7+ 30. Kh1 Bg5 31. Qa1 Rf8 32. Bb2 Nf2+ 33. Rxf2
Qxf2 34. Nd3 Qxc2 35. Nxe5 dxe5 36. Bxe5 Rf7 37. Rf1 Qxb3 38. h3 Kh7 39. Bd4
Qe6 40. Rxf7 Qxf7 41. e5 Qg6 42. e6 Be7 43. Qc1 Qf5 44. Qa1 Qg6 45. Qc1 Qf5 46.
Qa1 b4 47. Bxg7 Qxe6 48. Bh8 Bf8 49. Bb2 Kg8 50. Qd1 Bd6 51. Kg1 Qe3+ 52. Kf1
Qf4+ 53. Qf3 Qxf3+ 54. gxf3 Kf7 55. Ke2 Ke6 56. Bc1 h5 57. Kd3 Kd5 58. Bd2 b3
59. Kc3 Bb4+ 60. Kxb3 Bxd2 1/2-1/2

[Event "TIPC 2007"]
[Site "Charleroi"]
[Date "2007.07.29"]
[Round "3.3"]
[White "Terrieux, Kevin"]
[Black "Georgiev, Vladimir"]
[Result "0-1"]
[WhiteElo "2335"]
[BlackElo "2567"]
[PlyCount "78"]

1. d4 d5 2. c4 e6 3. cxd5 exd5 4. Nc3 c6 5. Nf3 Bf5 6. g3 Nf6 7. Bg2 h6 8. Ne5
Nbd7 9. f4 Bb4 10. e3 Be4 11. O-O Bxg2 12. Kxg2 O-O 13. Ne2 Ne4 14. a3 Ba5 15.
b4 Bc7 16. Qd3 Nb6 17. Bb2 Re8 18. Nc3 f6 19. Nf3 Nc4 20. Bc1 a5 21. Nxe4 Rxe4
22. Bd2 Qe7 23. Kf2 axb4 24. axb4 Re8 25. Rfe1 Bd6 26. Rab1 b5 27. Re2 Qd7 28.
Kg2 Qf5 29. Rb3 Qg4 30. h3 Qd7 31. Ne1 Ra8 32. Nc2 Ra2 33. Be1 Re8 34. Bf2 Qe7
35. Kf3 Nb2 36. Qg6 Qe4+ 37. Qxe4 dxe4+ 38. Kg2 Nd3 39. Kf1 Nc1 0-1

[Event "TIPC 2007"]
[Site "Charleroi"]
[Date "2007.07.30"]
[Round "4.1"]
[White "Laurent, Bruno"]
[Black "Rausis, Igors"]
[Result "1/2-1/2"]
[WhiteElo "2376"]
[BlackElo "2524"]
[PlyCount "37"]

1. e4 c5 2. Nf3 e6 3. c3 Nf6 4. e5 Nd5 5. d4 cxd4 6. cxd4 d6 7. Bc4 Nc6 8. O-O
Be7 9. Qe2 O-O 10. Rd1 Na5 11. b3 b6 12. Bxd5 exd5 13. Nc3 Be6 14. Ba3 a6 15.
Rac1 Re8 16. h3 h6 17. exd6 Bxd6 18. Bxd6 Qxd6 19. Qe5 1/2-1/2

[Event "TIPC 2007"]
[Site "Charleroi"]
[Date "2007.07.30"]
[Round "4.2"]
[White "Van der Stricht, Geert"]
[Black "Kveinys, Aloyzas"]
[Result "1/2-1/2"]
[WhiteElo "2430"]
[BlackElo "2537"]
[PlyCount "41"]

1. d4 Nf6 2. c4 e6 3. Nc3 Bb4 4. e3 O-O 5. Bd3 d5 6. Nf3 c5 7. O-O cxd4 8. exd4
dxc4 9. Bxc4 Nbd7 10. Bg5 Bxc3 11. bxc3 Qc7 12. Qe2 b6 13. Rac1 Bb7 14. Bd3 h6
15. Bh4 Nh5 16. Qe3 Qf4 17. Be7 Rfe8 18. Ba3 Bxf3 19. Qxf3 Qxf3 20. gxf3 Ndf6
21. Rfd1 1/2-1/2

[Event "TIPC 2007"]
[Site "Charleroi"]
[Date "2007.07.30"]
[Round "4.3"]
[White "Georgiev, Vladimir"]
[Black "Vandevoort, Pascal"]
[Result "1-0"]
[WhiteElo "2567"]
[BlackElo "2364"]
[PlyCount "51"]

1. d4 Nf6 2. c4 g6 3. Nc3 Bg7 4. e4 d6 5. Bd3 O-O 6. Nge2 c5 7. d5 e6 8. Bg5 h6
9. Bh4 exd5 10. cxd5 Nbd7 11. O-O Ne5 12. f4 Nxd3 13. Qxd3 Re8 14. Ng3 b5 15.
Bxf6 Bxf6 16. e5 dxe5 17. f5 e4 18. Ncxe4 Bd4+ 19. Kh1 gxf5 20. Rxf5 Bxf5 21.
Nxf5 Kf8 22. d6 Bxb2 23. Rf1 Re6 24. Nxc5 Rg6 25. Qb3 Bf6 26. Ne7 1-0

[Event "TIPC 2007"]
[Site "Charleroi"]
[Date "2007.07.30"]
[Round "4.5"]
[White "Eliet, Nicolas"]
[Black "Michiels, Bart"]
[Result "0-1"]
[WhiteElo "2454"]
[BlackElo "2454"]
[PlyCount "120"]

1. g3 c5 2. Bg2 g6 3. c4 Bg7 4. Nc3 Nc6 5. d3 d6 6. e4 e6 7. Nge2 Nge7 8. Be3
Nd4 9. Qd2 Rb8 10. O-O O-O 11. Bg5 b6 12. Nxd4 cxd4 13. Ne2 Qd7 14. Bh6 e5 15.
Bxg7 Kxg7 16. b4 Bb7 17. a4 f5 18. Bh3 Qc7 19. f3 Bc8 20. Bg2 fxe4 21. fxe4 Bg4
22. Rxf8 Rxf8 23. Nc1 Nc6 24. Na2 a5 25. Rf1 Rxf1+ 26. Kxf1 Bd7 27. b5 Nb8 28.
Nc1 Bg4 29. Nb3 Qf7+ 30. Ke1 Nd7 31. h3 Be6 32. Qc1 h6 33. Qa3 Qf8 34. Qb2 Nf6
35. Bf1 Nh5 36. Qf2 Qc8 37. Qg2 Nf6 38. Kf2 Nd7 39. Kg1 Nf6 40. Kh2 Nh7 41. Qf2
Ng5 42. h4 Nh7 43. Be2 Nf6 44. Kg1 Bg4 45. Kg2 Bh3+ 46. Kh2 Bg4 47. Kg2 Bh3+
48. Kh2 Kf7 49. Qe1 Ke7 50. Qc1 Bg4 51. Bf1 Be6 52. Be2 Bg4 53. Bf1 Qf8 54. Qe1
g5 55. hxg5 hxg5 56. Kg1 Bf3 57. Nd2 Nd7 58. Qc1 g4 59. Nb3 Qh8 60. Qg5+ Nf6
0-1

[Event "TIPC 2007"]
[Site "Charleroi"]
[Date "2007.07.31"]
[Round "5.1"]
[White "Michiels, Bart"]
[Black "Laurent, Bruno"]
[Result "1/2-1/2"]
[WhiteElo "2454"]
[BlackElo "2376"]
[PlyCount "130"]

1. e4 e6 2. d4 d5 3. Nc3 Bb4 4. e5 c5 5. a3 Bxc3+ 6. bxc3 Ne7 7. Qg4 Qc7 8. Bd3
c4 9. Be2 O-O 10. Nf3 f6 11. exf6 Rxf6 12. Ne5 Nbc6 13. f4 Qa5 14. Bd2 Qb6 15.
O-O Nxd4 16. Be3 Nxe2+ 17. Qxe2 Qc7 18. Bd4 Rf8 19. g4 Bd7 20. Rae1 Ng6 21.
Nxd7 Qxd7 22. Qxe6+ Qxe6 23. Rxe6 Rae8 24. Re3 Rxe3 25. Bxe3 Re8 26. Kf2 Re4
27. f5 Ne5 28. h3 h5 29. gxh5 Nc6 30. Rg1 Kf7 31. Kf3 Re5 32. Rg5 Kf6 33. Rg6+
Kf7 34. Rg5 Kf6 35. h6 gxh6 36. Rg6+ Kxf5 37. Rxh6 Re7 38. Rh5+ Ke6 39. Rh6+
Kd7 40. Bc5 Rf7+ 41. Ke2 b6 42. Be3 Re7 43. Rh4 b5 44. Rf4 b4 45. axb4 d4 46.
cxd4 Nxb4 47. Rf3 Nxc2 48. Kd2 Nxe3 49. Rxe3 Rh7 50. Kc3 Kd6 51. Kxc4 Rc7+ 52.
Kd3 Rh7 53. Ke2 Kd5 54. Kd3 Rh4 55. Re5+ Kd6 56. Ra5 Rxh3+ 57. Kc4 Rh1 58. Ra6+
Kd7 59. Rxa7+ Kd6 60. Ra6+ Kd7 61. Rg6 Rh5 62. Ra6 Kc7 63. d5 Rh1 64. Kc5 Rc1+
65. Kd4 Kd7 1/2-1/2

[Event "TIPC 2007"]
[Site "Charleroi"]
[Date "2007.07.31"]
[Round "5.2"]
[White "Terrieux, Kevin"]
[Black "Eliet, Nicolas"]
[Result "1/2-1/2"]
[WhiteElo "2335"]
[BlackElo "2454"]
[PlyCount "50"]

1. d4 d5 2. c4 c6 3. cxd5 cxd5 4. Nf3 Nf6 5. Nc3 a6 6. Bf4 Nc6 7. e3 Bg4 8. Qb3
Bxf3 9. gxf3 Ra7 10. O-O-O e6 11. Kb1 Be7 12. Rg1 O-O 13. Bd3 Kh8 14. Ne2 Nh5
15. Be5 f6 16. Bg3 f5 17. Be5 Bf6 18. Bxf6 Nxf6 19. Rc1 Qd6 20. Qb6 Rfa8 21.
Qc5 Qxc5 22. Rxc5 Kg8 23. a3 Kf8 24. Rc3 g6 25. Rgc1 Rd8 1/2-1/2

[Event "TIPC 2007"]
[Site "Charleroi"]
[Date "2007.07.31"]
[Round "5.3"]
[White "Vandevoort, Pascal"]
[Black "Gharamian, Tigran"]
[Result "0-1"]
[WhiteElo "2364"]
[BlackElo "2517"]
[PlyCount "82"]

1. e4 c5 2. Nf3 d6 3. d4 cxd4 4. Nxd4 Nf6 5. Nc3 a6 6. Be3 e5 7. Nb3 Be6 8. f3
Be7 9. Qd2 O-O 10. O-O-O a5 11. Bb5 Nbd7 12. Kb1 Nb6 13. Qf2 Nc4 14. Bxc4 Bxc4
15. Bb6 Qd7 16. Nxa5 Be6 17. g4 Rfc8 18. Rd3 Ra6 19. Nb3 Qc6 20. Be3 Rca8 21.
a3 Bc4 22. Rhd1 Bxd3 23. Rxd3 Qe8 24. g5 Nd7 25. Nd5 Rc6 26. Nb4 Rcc8 27. f4 f6
28. g6 Qxg6 29. f5 Qg4 30. Kc1 Qxe4 31. Nd2 Qh1+ 32. Nf1 e4 33. Rd1 Qf3 34. Qd2
Qxf5 35. Ng3 Qe6 36. Nd5 Bf8 37. Nh5 Qf7 38. Nhf4 Ne5 39. Qg2 Nd3+ 40. Kb1 Nxf4
41. Bxf4 Re8 0-1

[Event "TIPC 2007"]
[Site "Charleroi"]
[Date "2007.07.31"]
[Round "5.5"]
[White "Rausis, Igors"]
[Black "Van der Stricht, Geert"]
[Result "1/2-1/2"]
[WhiteElo "2524"]
[BlackElo "2430"]
[PlyCount "85"]

1. d4 Nf6 2. c4 e6 3. g3 d5 4. Nf3 dxc4 5. Bg2 c5 6. O-O Nc6 7. Ne5 Bd7 8. Na3
cxd4 9. Naxc4 Nd5 10. Nxc6 Bxc6 11. Qxd4 Nb4 12. Bxc6+ Nxc6 13. Qc3 Qd4 14. Qb3
Qd5 15. Be3 b5 16. Na3 Qxb3 17. axb3 Bxa3 18. bxa3 O-O 19. Rac1 Na5 20. Rc3
Rfc8 21. Rfc1 Rxc3 22. Rxc3 f6 23. Kf1 Kf7 24. Ke1 e5 25. g4 Kg6 26. Kd2 Rd8+
27. Kc2 Rd7 28. Rc8 h5 29. h3 hxg4 30. hxg4 a6 31. Kc3 Nb7 32. Rc6 Rd6 33. Rc7
Nd8 34. Kb4 Rd1 35. Rc8 Rd6 36. Rc1 Kf7 37. Rc2 Nc6+ 38. Kc5 Ke6 39. Rb2 Ne7
40. Bd2 Rc6+ 41. Kb4 e4 42. Ka5 Nd5 43. a4 1/2-1/2

[Event "TIPC 2007"]
[Site "Charleroi"]
[Date "2007.08.01"]
[Round "6.2"]
[White "Georgiev, Vladimir"]
[Black "Rausis, Igors"]
[Result "1/2-1/2"]
[WhiteElo "2567"]
[BlackElo "2524"]
[PlyCount "21"]

1. e4 c6 2. d4 d5 3. exd5 cxd5 4. c4 Nf6 5. Nc3 e6 6. Nf3 Bb4 7. cxd5 Nxd5 8.
Bd2 Nc6 9. Bd3 Nf6 10. O-O O-O 11. Bg5 1/2-1/2

[Event "TIPC 2007"]
[Site "Charleroi"]
[Date "2007.08.01"]
[Round "6.3"]
[White "Gharamian, Tigran"]
[Black "Kveinys, Aloyzas"]
[Result "1/2-1/2"]
[WhiteElo "2518"]
[BlackElo "2537"]
[PlyCount "25"]

1. e4 c5 2. Nf3 e6 3. d4 cxd4 4. Nxd4 a6 5. Bd3 Nf6 6. O-O Qc7 7. Qe2 d6 8. c4
g6 9. Nc3 Bg7 10. Rd1 O-O 11. Nf3 Nc6 12. Bf4 e5 13. Be3 1/2-1/2

[Event "TIPC 2007"]
[Site "Charleroi"]
[Date "2007.08.01"]
[Round "6.4"]
[White "Eliet, Nicolas"]
[Black "Vandevoort, Pascal"]
[Result "1/2-1/2"]
[WhiteElo "2454"]
[BlackElo "2364"]
[PlyCount "99"]

1. d4 Nf6 2. c4 g6 3. Nc3 Bg7 4. Bg5 h6 5. Bh4 c5 6. d5 d6 7. Nf3 a6 8. e3 O-O
9. a4 e5 10. Nd2 Qc7 11. Be2 Re8 12. f3 Nbd7 13. Bf2 e4 14. f4 g5 15. fxg5 hxg5
16. O-O Nf8 17. Bg3 Qe7 18. Qb3 Ng6 19. Rae1 a5 20. Rf2 g4 21. Ref1 Ra6 22. Nb5
Rf8 23. Nxd6 Rxd6 24. Bxd6 Qxd6 25. Rxf6 Qe5 26. Rb6 Nh4 27. Rf4 f5 28. Nf1 Kh7
29. Ng3 Ng6 30. Nh5 Nxf4 31. Nxf4 Bf6 32. Qb5 g3 33. hxg3 Rg8 34. Qxc5 Bd8 35.
Rb3 Be7 36. Qd4 Qxd4 37. exd4 Bf6 38. Bh5 Bxd4+ 39. Kf1 Rg7 40. Be8 Re7 41. Bb5
Bc5 42. Rc3 Kg7 43. Rc1 Kf6 44. Ke2 Rh7 45. Rd1 Bd6 46. Rf1 Ke5 47. Kd2 b6 48.
Kc2 Rh2 49. Rd1 Kf6 50. Rf1 1/2-1/2

[Event "TIPC 2007"]
[Site "Charleroi"]
[Date "2007.08.01"]
[Round "6.5"]
[White "Michiels, Bart"]
[Black "Terrieux, Kevin"]
[Result "0-1"]
[WhiteElo "2424"]
[BlackElo "2335"]
[PlyCount "79"]

1. e4 c5 2. Nf3 Nc6 3. d4 cxd4 4. Nxd4 Nf6 5. Nc3 e5 6. Ndb5 d6 7. Bg5 a6 8.
Na3 b5 9. Bxf6 gxf6 10. Nd5 f5 11. c3 Bg7 12. exf5 Bxf5 13. Nc2 O-O 14. Nce3
Be6 15. Bd3 f5 16. Qh5 e4 17. Bc2 Ne7 18. Bb3 f4 19. Nxe7+ Qxe7 20. Nd5 Qd8 21.
O-O-O Kh8 22. Rhe1 Bf7 23. Qg4 b4 24. Nxb4 Bxb3 25. axb3 Qb6 26. Rxe4 a5 27.
Re7 Rg8 28. Nd5 Qxb3 29. Qf5 Rab8 30. Qc2 Qxc2+ 31. Kxc2 Bf8 32. Re2 Rxg2 33.
Nxf4 Rxh2 34. Rd5 Ra8 35. Kb3 Rh4 36. Re4 Rh2 37. Nd3 h5 38. Ra4 Kg7 39. Rf4
Be7 40. Ka4 {time} 0-1

[Event "TIPC 2007"]
[Site "Charleroi"]
[Date "2007.08.02"]
[Round "7.1"]
[White "Terrieux, Kevin"]
[Black "Laurent, Bruno"]
[Result "1/2-1/2"]
[WhiteElo "2335"]
[BlackElo "2376"]
[PlyCount "25"]

1. d4 e6 2. c4 Nf6 3. Nc3 Bb4 4. Qc2 d5 5. cxd5 Qxd5 6. e3 c5 7. Bd2 Bxc3 8.
Bxc3 cxd4 9. Bxd4 Nc6 10. Bc3 O-O 11. Nf3 Rd8 12. Be2 Qe4 13. Rd1 1/2-1/2

[Event "TIPC 2007"]
[Site "Charleroi"]
[Date "2007.08.02"]
[Round "7.2"]
[White "Vandevoort, Pascal"]
[Black "Michiels, Bart"]
[Result "1-0"]
[WhiteElo "2364"]
[BlackElo "2454"]
[PlyCount "119"]

1. e4 e6 2. d4 d5 3. Nd2 Nf6 4. e5 Nfd7 5. Bd3 c5 6. c3 Nc6 7. Ne2 cxd4 8. cxd4
f6 9. exf6 Nxf6 10. Nf3 Qc7 11. O-O Bd6 12. b3 e5 13. dxe5 Nxe5 14. Ned4 O-O
15. Bb2 Bg4 16. h3 Nxf3+ 17. Nxf3 Bxf3 18. Qxf3 Bh2+ 19. Kh1 Be5 20. Bxh7+ Kh8
21. Rac1 Qd6 22. Bxe5 Qxe5 23. Bg6 Qg5 24. Qf5 Qxf5 25. Bxf5 Ne4 26. Bxe4 dxe4
27. Kg1 Rad8 28. Rfd1 Rxd1+ 29. Rxd1 Rc8 30. Re1 Rc2 31. Rxe4 Rxa2 32. Re7 b5
33. Rb7 a6 34. h4 Ra3 35. Rb6 Rxb3 36. Rxa6 Rc3 37. Rb6 Rc4 38. g3 b4 39. Kg2
Kg8 40. Rb7 Kh7 41. Kh3 Kh6 42. f4 g6 43. Kg4 Rd4 44. Rb6 Kg7 45. h5 gxh5+ 46.
Kxh5 Rd3 47. g4 b3 48. Kg5 Kf7 49. Rb7+ Ke6 50. f5+ Ke5 51. Rb8 Rg3 52. Re8+
Kd6 53. f6 b2 54. Rb8 Rg2 55. Kf5 Rf2+ 56. Kg6 Kc7 57. Rb3 Kd7 58. g5 Ke6 59.
Rb6+ Kd7 60. Kf7 1-0

[Event "TIPC 2007"]
[Site "Charleroi"]
[Date "2007.08.02"]
[Round "7.4"]
[White "Rausis, Igors"]
[Black "Gharamian, Tigran"]
[Result "1/2-1/2"]
[WhiteElo "2524"]
[BlackElo "2517"]
[PlyCount "28"]

1. e4 e5 2. Nf3 Nf6 3. Nxe5 d6 4. Nf3 Nxe4 5. d4 d5 6. Bd3 Be7 7. O-O Nc6 8. c4
Nb4 9. Be2 O-O 10. Nc3 Bf5 11. a3 Nxc3 12. bxc3 Nc6 13. cxd5 Qxd5 14. Bf4 Rac8
1/2-1/2

[Event "TIPC 2007"]
[Site "Charleroi"]
[Date "2007.08.02"]
[Round "7.5"]
[White "Van der Stricht, Geert"]
[Black "Georgiev, Vladimir"]
[Result "1/2-1/2"]
[WhiteElo "2430"]
[BlackElo "2567"]
[PlyCount "74"]

1. d4 d5 2. c4 c6 3. Nc3 Nf6 4. Nf3 e6 5. Bg5 h6 6. Bxf6 Qxf6 7. e3 Nd7 8. Bd3
dxc4 9. Bxc4 g6 10. O-O Bg7 11. e4 e5 12. d5 O-O 13. Qe2 Nb6 14. Bb3 h5 15. Qe3
Bg4 16. Rfd1 h4 17. dxc6 bxc6 18. Rd3 Bxf3 19. Qxf3 Qxf3 20. Rxf3 Rad8 21. Rd1
Rd4 22. Kf1 c5 23. Nb5 Rxd1+ 24. Bxd1 Rd8 25. Ke2 c4 26. Rc3 Bh6 27. Rc2 a6 28.
Na3 Rd4 29. f3 f5 30. exf5 gxf5 31. Nxc4 Nxc4 32. Rxc4 Rd2+ 33. Ke1 Rxg2 34.
Rxh4 Bf4 35. Be2 Rg1+ 36. Bf1 Kg7 37. Rh5 Rh1 1/2-1/2

[Event "TIPC 2007"]
[Site "Charleroi"]
[Date "2007.08.03"]
[Round "8.1"]
[White "Laurent, Bruno"]
[Black "Georgiev, Vladimir"]
[Result "0-1"]
[WhiteElo "2376"]
[BlackElo "2567"]
[PlyCount "72"]

1. e4 c5 2. c3 d5 3. exd5 Qxd5 4. d4 Nc6 5. Nf3 Bg4 6. Be2 cxd4 7. cxd4 e6 8.
h3 Bb4+ 9. Nc3 Bxf3 10. Bxf3 Qc4 11. Qb3 Qxb3 12. Bxc6+ bxc6 13. axb3 Ne7 14.
Ra6 Kd7 15. Bf4 Nd5 16. Bd2 Rhb8 17. Kd1 Rb6 18. Rxb6 axb6 19. Nxd5 exd5 20.
Kc2 Bxd2 21. Kxd2 c5 22. Re1 Kd6 23. Kc3 Rc8 24. Ra1 cxd4+ 25. Kd3 Rc5 26. Ra7
Rc7 27. Rxc7 Kxc7 28. Kxd4 Kd6 29. f4 h5 30. g4 h4 31. b4 g5 32. Ke3 f5 33. Kf3
gxf4 34. gxf5 Ke5 35. f6 Kxf6 36. Kxf4 b5 0-1

[Event "TIPC 2007"]
[Site "Charleroi"]
[Date "2007.08.03"]
[Round "8.2"]
[White "Gharamian, Tigran"]
[Black "Van der Stricht, Geert"]
[Result "1-0"]
[WhiteElo "2517"]
[BlackElo "2430"]
[PlyCount "89"]

1. e4 c5 2. c3 d5 3. exd5 Qxd5 4. d4 Nc6 5. Nf3 Bg4 6. dxc5 Qxd1+ 7. Kxd1 e5 8.
b4 a5 9. Bb5 e4 10. Bxc6+ bxc6 11. h3 exf3 12. hxg4 fxg2 13. Rg1 h5 14. gxh5
Rxh5 15. Rxg2 Rh1+ 16. Kc2 Ne7 17. a3 g6 18. Nd2 Bg7 19. Rb1 Nd5 20. Bb2 Rxb1
21. Nxb1 axb4 22. cxb4 Bxb2 23. Kxb2 Kd7 24. Rg3 Re8 25. Nc3 Nxc3 26. Kxc3 Re2
27. Rd3+ Kc7 28. Rd2 Re1 29. a4 Ra1 30. b5 Rxa4 31. b6+ Kc8 32. Rd6 Rf4 33.
Rxc6+ Kb8 34. Rc7 Rxf2 35. Re7 Rf1 36. Kc4 g5 37. Kb5 Kc8 38. c6 Rb1+ 39. Kc5
Rc1+ 40. Kd5 Rd1+ 41. Ke5 Re1+ 42. Kf6 Rxe7 43. Kxe7 g4 44. b7+ Kc7 45. b8=Q+
1-0

[Event "TIPC 2007"]
[Site "Charleroi"]
[Date "2007.08.03"]
[Round "8.4"]
[White "Michiels, Bart"]
[Black "Kveinys, Aloyzas"]
[Result "1/2-1/2"]
[WhiteElo "2454"]
[BlackElo "2537"]
[PlyCount "113"]

1. e4 c5 2. Nf3 e6 3. d4 cxd4 4. Nxd4 a6 5. c4 Nf6 6. Nc3 Bb4 7. Bd3 Nc6 8.
Nxc6 dxc6 9. e5 Qa5 10. exf6 Bxc3+ 11. bxc3 Qxc3+ 12. Bd2 Qxd3 13. fxg7 Rg8 14.
Bh6 Qc3+ 15. Kf1 Qf6 16. Qc1 e5 17. Rb1 Be6 18. Rxb7 O-O-O 19. Ra7 Qh4 20. Ra8+
Kb7 21. Rxd8 Rxd8 22. f3 Bxc4+ 23. Kg1 f6 24. g3 Qd4+ 25. Kg2 Qd3 26. Qb2+ Kc7
27. Rc1 Rb8 28. Qc2 Qxc2+ 29. Rxc2 Bd5 30. Kf2 Kd7 31. f4 exf4 32. Bxf4 Rg8 33.
Bh6 Ke6 34. g4 Kf7 35. h4 Rb8 36. g5 fxg5 37. hxg5 a5 38. Ke3 a4 39. Rf2+ Ke7
40. Rf8 Re8 41. a3 Kd7+ 42. Kd4 Bb3 43. Kc5 Re5+ 44. Kb6 Re8 45. Ka6 Bd5 46.
Ka5 Bb3 47. Rh8 Bg8 48. Kxa4 Ke6 49. g6 hxg6 50. Bd2 Ra8+ 51. Kb4 c5+ 52. Kxc5
Kf7 53. Bc3 Rxa3 54. Bd4 Ra5+ 55. Kc4 Rh5 56. Kd3 Rh7 57. Ke4 1/2-1/2